Commercial practice (Record no. 6016)

MARC details
000 -LEADER
fixed length control field 00598cam a2200229ua 4500
008 - FIXED-LENGTH DATA ELEMENTS--GENERAL INFORMATION
fixed length control field 140311n ii |||gr||||Z||||||eng
020 ## - INTERNATIONAL STANDARD BOOK NUMBER
International Standard Book Number 81-7096-379-6
040 ## - CATALOGING SOURCE
Transcribing agency MAIN
082 ## - DEWEY DECIMAL CLASSIFICATION NUMBER
Classification number 651
245 ## - TITLE STATEMENT
Title Commercial practice
Statement of responsibility, etc. By S.S. Sarkar
250 ## - EDITION STATEMENT
Edition statement 1st ed/ rep.
260 ## - PUBLICATION, DISTRIBUTION, ETC.
Place of publication, distribution, etc. Ludhiana:
Name of publisher, distributor, etc. Kalyani publishers,
Date of publication, distribution, etc. 1994.
300 ## - PHYSICAL DESCRIPTION
Extent xv,271p.
700 ## - ADDED ENTRY--PERSONAL NAME
Personal name Sarkar,S.S.,
Relator term
700 ## - ADDED ENTRY--PERSONAL NAME
Personal name Sharma,R.K.,
Relator term
700 ## - ADDED ENTRY--PERSONAL NAME
Personal name Gupta,Shashi K.,
Relator term
700 ## - ADDED ENTRY--PERSONAL NAME
Personal name Nayyar,Sushil,
Relator term
942 ## - ADDED ENTRY ELEMENTS (KOHA)
Koha item type Books
653 ## - INDEX TERM--UNCONTROLLED
Uncontrolled term Office services
653 ## - INDEX TERM--UNCONTROLLED
Uncontrolled term Commercial practice
Holdings
Withdrawn status Lost status Damaged status Not for loan Home library Current library Shelving location Date acquired Total Checkouts Full call number Barcode Date last seen Copy number Price effective from Koha item type
        Naharkatiya College Library Naharkatiya College Library General Stacks 19/09/2020   651 | COM 13401 19/09/2020 8 19/09/2020 Books
        Naharkatiya College Library Naharkatiya College Library General Stacks 19/09/2020   651 | COM 13402 19/09/2020 9 19/09/2020 Books
        Naharkatiya College Library Naharkatiya College Library General Stacks 19/09/2020   651 | COM 13403 19/09/2020 1 19/09/2020 Books
        Naharkatiya College Library Naharkatiya College Library General Stacks 19/09/2020   651 | COM 13404 19/09/2020 10 19/09/2020 Books
        Naharkatiya College Library Naharkatiya College Library General Stacks 19/09/2020   651 | COM 13405 19/09/2020 5 19/09/2020 Books
        Naharkatiya College Library Naharkatiya College Library General Stacks 19/09/2020   651 | COM 13406 19/09/2020 11 19/09/2020 Books
        Naharkatiya College Library Naharkatiya College Library General Stacks 19/09/2020   651 | COM 13407 19/09/2020 6 19/09/2020 Books
        Naharkatiya College Library Naharkatiya College Library General Stacks 19/09/2020   651 | COM 13408 19/09/2020 4 19/09/2020 Books
        Naharkatiya College Library Naharkatiya College Library General Stacks 19/09/2020   651 | COM 13409 19/09/2020 7 19/09/2020 Books
        Naharkatiya College Library Naharkatiya College Library General Stacks 19/09/2020   651 | COM 13410 19/09/2020 3 19/09/2020 Books
        Naharkatiya College Library Naharkatiya College Library General Stacks 19/09/2020   651 | COM 13411 19/09/2020 2 19/09/2020 Books

Naharkatiya College © 2020. All rights reserved.

Powered By